La Pesca a la regió de l'Ebre : el riu, el Delta i el mar / Emeteri Fabregat Galcerà el riu, el Delta i el mar / Emeteri Fabregat Galcerà
ISBN:
978-84-15002-51-2
Descripción Física:
367 p. : il., taules, 24 cm
Colección:
Estudis (Museu Marítim (Barcelona)) ; 16
Otros Autores:
Museu Marítim (Barcelona)
Materias:
Pesca -- Ebre (riu) -- Història
MARC
| LEADER | 00000nam a2200000Ia 4500 | ||
|---|---|---|---|
| 001 | 23202 | ||
| 008 | 160829s2011 xx 000 0 cat d | ||
| 020 | |a 978-84-15002-51-2 | ||
| 080 | |a C-3-358 | ||
| 100 | |a Fabregat Galcerà, Emeteri |9 46451 | ||
| 245 | |a La Pesca a la regió de l'Ebre : |b el riu, el Delta i el mar / Emeteri Fabregat Galcerà | ||
| 260 | |a Barcelona : |b Museu Marítim de Barcelona : |b Angle Editorial, |c 2011 | ||
| 300 | |a 367 p. : |b il., taules, 24 cm | ||
| 490 | |a Estudis (Museu Marítim (Barcelona)) ; 16 | ||
| 590 | |a Bibliografia. | ||
| 590 | |a 9è Premi de Recerca Josep Ricart i Giralt | ||
| 650 | |a Pesca |x Ebre (riu) |x Història |9 46452 | ||
| 700 | |a Museu Marítim (Barcelona) | ||
| 901 | |a Arxiu | ||
| 942 | |n 1 | ||
| 952 | |0 0 |1 0 |4 0 |6 C3358 |7 1 |9 53233 |a Arxiu |b Arxiu |d 2016-12-01 |l 0 |o C-3-358 |p 23202 |r 2016-12-01 00:00:00 |w 2016-12-01 |y ARXIU | ||
| 999 | |c 57082 |d 57082 | ||